00378nam a2200133Ia 4500003000400000005001700004008004100021040000900062082001900071100002400090245005900114260006200173300000900235OSt20201214125914.0190216s9999||||xx |||||||||||||| ||und|| coclc a616.024bSWA/T aSwartout, Hubert O  4aThe New Modern Medical Counselor /c Hubert O Swartout bPacific Press Publishing Association,c1959.aCalifornia: a968p